Tretie Memorandum Slovákov z južného Slovenska, prijaté na 6. stretnutí v Šuranoch dňa 2. januára 1994

Bibliographic Details
Format: Article
Language:Slovak
Subjects:

MARC

LEADER 00000nab a2200000 a 4500
001 vtls000506139
003 SK-MaSNL
005 20260426072321.0
008 150205c1994 xo 0 slo
015 |a SNBRB19rr/mm-uuuuu 
035 |a CL0506277 
040 |a SNKBUCL  |b slo  |c SNKBUCL  |e AACR2 
041 0 |a slo 
044 |a xo  |c SK 
080 |a 323.1(437.6)  |2 1981 
080 |a 342.15  |2 1981 
245 0 0 |a Tretie Memorandum Slovákov z južného Slovenska, prijaté na 6. stretnutí v Šuranoch dňa 2. januára 1994 
500 |a Doplnkom k memorandu je výzva k občanom maďarskej národnosti 
650 0 7 |a územia národnostne zmiešané  |2 snkbucl  |9 899827 
650 0 7 |a Slováci  |2 snkbucl  |9 22552 
651 7 |a Slovensko  |2 snkbucl  |9 14231 
655 7 |a články z novín a časopisov  |2 snkbucl  |9 267496 
773 0 |t Slovenský národ  |g Roč. 5, č. 1 (1994), s. 3 
850 |a Slovenská národná knižnica v Martine  |a MTA001 
852 |a SNK  |b KIS3GCP 
958 |a RK 
992 |a RBX 
999 |c 2687362  |d 2689292